| 000 -LEADER |
| fixed length control field |
02553nam a22002417 4500 |
| 003 - CONTROL NUMBER IDENTIFIER |
| control field |
AR-BaISA |
| 005 - DATE AND TIME OF LATEST TRANSACTION |
| control field |
20220930174413.0 |
| 007 - PHYSICAL DESCRIPTION FIXED FIELD--GENERAL INFORMATION |
| fixed length control field |
ta |
| 008 - FIXED-LENGTH DATA ELEMENTS--GENERAL INFORMATION |
| fixed length control field |
220930s2008 ag ad||| |||| 001 0 spa d |
| 020 ## - INTERNATIONAL STANDARD BOOK NUMBER |
| International Standard Book Number |
9789876290029 |
| 040 ## - CATALOGING SOURCE |
| Language of cataloging |
spa |
| Transcribing agency |
AR-BaISA |
| 082 04 - DEWEY DECIMAL CLASSIFICATION NUMBER |
| Edition number |
22 |
| Classification number |
150.195 L115e |
| 100 1# - MAIN ENTRY--PERSONAL NAME |
| 9 (RLIN) |
2316 |
| Personal name |
Lacan, Jacques |
| 245 10 - TITLE STATEMENT |
| Title |
Escritos / |
| Statement of responsibility, etc. |
Jacques Lacan |
| 250 ## - EDITION STATEMENT |
| Edition statement |
2ª ed. |
| 260 ## - PUBLICATION, DISTRIBUTION, ETC. |
| Place of publication, distribution, etc. |
Buenos Aires: |
| Name of publisher, distributor, etc. |
Siglo XXI, |
| Date of publication, distribution, etc. |
2008 |
| 300 ## - PHYSICAL DESCRIPTION |
| Extent |
2 v.: |
| Other physical details |
il., gráfs. |
| 504 ## - BIBLIOGRAPHY, ETC. NOTE |
| Bibliography, etc. note |
Bibliografía p.: 885-888. |
| 504 ## - BIBLIOGRAPHY, ETC. NOTE |
| Bibliography, etc. note |
Índice analítico p.: 871-883. |
| 505 ## - FORMATTED CONTENTS NOTE |
| Title |
TOMO 1: |
| -- |
Obertura de esta recopilación -- |
| -- |
El seminario sobre "La carta robada" -- |
| -- |
De nuestros antecedentes -- |
| -- |
Más allá del "Principio de realidad" -- |
| -- |
El estadio del espejo como formador de la función del yo [je] tal como se nos revela en la experiencia psicoanalítica -- |
| -- |
La agresividad en psicoanálisis -- |
| -- |
Introducción teórica a las funciones del psicoanálisis en criminología -- |
| -- |
Acerca de la causalidad psíquica -- |
| -- |
El tiempo lógico y el aserto de certidumbre anticipada. Un nuevo sofisma -- |
| -- |
Intervención sobre la transferencia -- |
| -- |
Del sujeto por fin cuestionado -- |
| -- |
Función y campo de la palabra y del lenguaje en psicoanálisis -- |
| -- |
Variantes de la cura-tipo -- |
| -- |
De un designio -- |
| -- |
Introducción al comentario de Jean Hyppolite sobre la Verneinung de Freud -- |
| -- |
Respuesta al comentario de Jean Hyppolite sobre la Verneinung de Freud -- |
| -- |
La cosa freudiana, o sentido del retorno a Freud en psicoanálisis -- |
| -- |
El psicoanálisis y su enseñanza -- |
| -- |
Situación del psicoanálisis y formación del psicoanalista en 1956 -- |
| -- |
La instancia de la letra en el inconsciente o la razón desde Freud |
| -- |
TOMO 2: |
| -- |
De una cuestión preliminar a todo tratamiento posible de la psicosis -- |
| -- |
La dirección de la cura y los principios de su poder -- |
| -- |
Observación sobre el informe de Daniel Lagache: "Psicoanálisis y estructura de la personalidad" -- |
| -- |
La significación del falo -- |
| -- |
En memoria de Ernest Jones: sobre su teoría del simbolismo -- |
| -- |
De un silabario a posteriori -- |
| -- |
Ideas directivas para un congreso sobre la sexualidad femenina -- |
| -- |
Juventud de Gide o la letra y el deseo -- |
| -- |
Kant con Sade -- |
| -- |
Subversión del sujeto y dialéctica del deseo en el inconsciente freudiano -- |
| -- |
Posición del inconsciente -- |
| -- |
Del Trieb de Freud y del deseo del psicoanalista -- |
| -- |
La ciencia y la verdad -- |
| -- |
Apéndice 2: Comentario hablado sobre la Verneinung de Freud, por Jean Hyppolite -- |
| -- |
Apéndice 1: La metáfora del sujeto |
| 650 10 - SUBJECT ADDED ENTRY--TOPICAL TERM |
| 9 (RLIN) |
141 |
| Topical term or geographic name entry element |
Psicoanálisis |
| 942 ## - ADDED ENTRY ELEMENTS (KOHA) |
| Source of classification or shelving scheme |
|
| Koha item type |
Libros |
| Edition |
22 |